000 01074cam a22002531i 4500
003 SA-RiAUC
005 20250219083553.0
008 250218s1986 le g 000 0 ara c
040 _aKW-ShULA
_bara
_cSA-RiAUC
_erda
082 0 4 _a231
_qSA-RiAUC
090 _a231
_b د هـ ل
100 1 _aالدهلوي، عبد الحق بن سيف الدين بن سعد الله،
_d958-1052 هجري
_eمؤلف.
245 1 0 _aمقدمة في أصول الحديث /
_cعبد الحق الدهلوي ؛ تقديم وتعليق سلمان الحسيني الندوي.
250 _aالطبعة الثانية.
264 1 _aبيروت :
_bدار البشائر الإسلامية،
_c1986
300 _a112 صفحة ؛
_c17 سم
336 _aنص
_btxt
_2rdacontent
_3كتاب
337 _aبدون وسيط
_bn
_2rdamedia
338 _aمجلد
_bnc
_2rdacarrier
650 7 _aالحديث
_xمصطلح
_2aucsh
700 1 _aالندوي، سلمان محمد طاهر الحسيني،
_d1954-1990
_eمقدم.
942 _2ddc
_cBOOK
_n0
949 _aSA-JeALM
_d250218
_uosman123
_n1
999 _c6096
_d6096